Manual para la constitución del observatorio regional sobre trabajo infantil y adolescente (Registro nro. 3867)
[ vista simple ]
| 000 -LEADER | |
|---|---|
| fixed length control field | 01570 a2200253 4500 |
| 001 - CONTROL NUMBER | |
| control field | 44928 |
| 005 - DATE AND TIME OF LATEST TRANSACTION | |
| control field | 20260407155724.0 |
| 008 - FIXED-LENGTH DATA ELEMENTS--GENERAL INFORMATION | |
| fixed length control field | 260407a2009 arg spa d |
| 003 - CONTROL NUMBER IDENTIFIER | |
| control field | AR-UNSa-BCEJYS |
| 040 ## - CATALOGING SOURCE | |
| Original cataloging agency | AR-UNSa-BCEJYS |
| Language of cataloging | spa |
| Transcribing agency | AR-UNSa-BCEJYS |
| 080 ## - UNIVERSAL DECIMAL CLASSIFICATION NUMBER | |
| Universal Decimal Classification number | 331-053.2 |
| Common auxiliary subdivision | Trabajo Infantil |
| 041 ## - LANGUAGE CODE | |
| Language code of text/sound track or separate title | spa |
| 100 1# - MAIN ENTRY--PERSONAL NAME | |
| Personal name | Comisión Nacional para la Erradicación del Trabajo Infantil (CONAETI) |
| 245 10 - TITLE STATEMENT | |
| Title | Manual para la constitución del observatorio regional sobre trabajo infantil y adolescente |
| 264 #1 - PRODUCTION, PUBLICATION, DISTRIBUTION, MANUFACTURE, AND COPYRIGHT NOTICE | |
| Place of production, publication, distribution, manufacture | Buenos Aires : |
| Name of producer, publisher, distributor, manufacturer | Observatorio de Trabajo Infantil y Adolescente |
| Date of production, publication, distribution, manufacture, or copyright notice | 2009 |
| 300 ## - PHYSICAL DESCRIPTION | |
| Extent | 75 p. |
| Dimensions | 29 cm. |
| 505 ## - FORMATTED CONTENTS NOTE | |
| Formatted contents note | 1. Programa Conjunto de Apoyo al Plan Nacional para la Prevención y Erradicación del Trabajo Infantil - 2. Comisión Nacional para la Erradicación del Trabajo Infantil-CONAETI - 3. Comisión Provincial para la Erradicación del Trabajo Infantil-COPRETI - 4. Observatorio Nacional de Trabajo Infantil y Adolescentes-OTIA - 5. Sistema integral de información permanente sobre trabajo infantil - 6. Constitución de Observatorios Regionales/Provinciales de Trabajo Infantil y Adolescentes-OPTIA - 7. Pasos pasa la creación del OPTIA - 8. Líneas de acción del OPTIA - 9. El/la administrador/a del OPTIA. |
| 590 ## - LOCAL NOTE (RLIN) | |
| Local note | niveau_biblio:m niveau_hierar:0 |
| 700 1# - ADDED ENTRY--PERSONAL NAME | |
| Personal name | Argentina. Ministerio de Trabajo, Empleo y Seguridad Social |
| 700 1# - ADDED ENTRY--PERSONAL NAME | |
| Personal name | UNICEF |
| 700 1# - ADDED ENTRY--PERSONAL NAME | |
| Personal name | Organización Internacional del Trabajo (OIT) |
| 856 41 - ELECTRONIC LOCATION AND ACCESS | |
| Uniform Resource Identifier | <a href="https://www.biblioeco.unsa.edu.ar/pmb/images/libros/L127051.jpg">https://www.biblioeco.unsa.edu.ar/pmb/images/libros/L127051.jpg</a> |
| Link text | Imagen de portada |
| Electronic format type | image/jpeg |
| 942 ## - ADDED ENTRY ELEMENTS (KOHA) | |
| Koha item type | |
| Withdrawn status | Lost status | Damaged status | Not for loan | Home library | Current library | Shelving location | Date acquired | Total checkouts | Full call number | Barcode | Date last seen | Price effective from | Koha item type |
|---|---|---|---|---|---|---|---|---|---|---|---|---|---|
| Biblioteca Prof. Eusebio Cleto del Rey | Biblioteca Prof. Eusebio Cleto del Rey | 07/04/2026 | 331-053.2 A688 | L127051 | 07/04/2026 | 07/04/2026 | Libro |